[Event "Tula Rjazanov Memorial"]
[Site "Tula"]
[Date "2016.02.10"]
[Round "5"]
[White "Smirnov, Alexander"]
[Black "Moiseenko, Vladimir"]
[Result "1-0"]
[WhiteElo "2280"]
[BlackElo "2115"]
[PlyCount "53"]
[EventDate "2016.02.05"]
[EventType "swiss"]
[EventRounds "9"]
[EventCountry "RUS"]
[SourceTitle "CBM 171 Extra"]
[Source "ChessBase"]
[SourceDate "2016.04.26"]
[SourceVersion "1"]
[SourceVersionDate "2016.04.26"]
[SourceQuality "1"]

1. e4 e6 2. d4 d5 3. Nc3 Bb4 4. e5 b6 5. a3 Bxc3+ 6. bxc3 Qd7 7. Qg4 f5 8. Qg3 Ba6 9. Bxa6 Nxa6 10. Ne2 0-0-0 11. Nf4 Kb7 12. a4 g6 13. a5 b5 14. 0-0 Ne7 15. Ba3 Rdg8 16. Rab1 c6 17. h4 h6 18. Bxe7 Qxe7 19. Nxg6 Qf7 20. h5 Nb8 21. Qd3 Ka8 22. a6 Nd7 23. c4 dxc4 24. Qf3 Nb8 25. Rxb5 Rh7 26. Rfb1 Qc7 27. Rb7 1-0

[Event "Tula Rjazanov Memorial"]
[Site "Tula"]
[Date "2016.02.09"]
[Round "4"]
[White "Gavritenkov, Sergei"]
[Black "Smirnov, Alexander"]
[Result "1-0"]
[WhiteElo "2412"]
[BlackElo "2280"]
[PlyCount "83"]
[EventDate "2016.02.05"]
[EventType "swiss"]
[EventRounds "9"]
[EventCountry "RUS"]
[SourceTitle "CBM 171 Extra"]
[Source "ChessBase"]
[SourceDate "2016.04.26"]
[SourceVersion "1"]
[SourceVersionDate "2016.04.26"]
[SourceQuality "1"]

1. e4 e6 2. d4 d5 3. Nd2 Nf6 4. e5 Nfd7 5. Bd3 c5 6. c3 Nc6 7. Ne2 cxd4 8. cxd4 f6 9. exf6 Nxf6 10. Nf3 Bd6 11. 0-0 0-0 12. Bg5 Qe8 13. Bf4 Bxf4 14. Nxf4 Ne4 15. Qc1 g5 16. Bxe4 gxf4 17. Bc2 Bd7 18. Re1 Kh8 19. Ba4 Rc8 20. Bxc6 Rxc6 21. Qd2 Qe7 22. Ne5 Rcc8 23. Rac1 Rxc1 24. Rxc1 Be8 25. Rc8 Bh5 26. Rxf8+ Qxf8 27. h3 Qf5 28. Kh2 Kg7 29. Qb4 b6 30. Qe7+ Kg8 31. Qxa7 f3 32. Qxb6 fxg2 33. Qd8+ Kg7 34. Qe7+ Kg8 35. Kxg2 Qe4+ 36. Kg3 Qxd4 37. Qg5+ Bg6 38. Qd8+ Kg7 39. Qe7+ Kg8 40. Ng4 Qg7 41. Nf6+ Kh8 42. Qd8+ 1-0

[Event "Tula Region-ch"]
[Site "Tula"]
[Date "2014.03.18"]
[Round "8"]
[White "Kornev, Alexei"]
[Black "Smirnov, Alexander"]
[Result "1-0"]
[WhiteElo "2536"]
[BlackElo "2202"]
[PlyCount "51"]
[EventDate "2014.03.11"]
[EventType "swiss"]
[EventRounds "9"]
[EventCountry "RUS"]
[SourceTitle "CBM 159 Extra"]
[Source "ChessBase"]
[SourceDate "2014.04.24"]
[SourceVersion "1"]
[SourceVersionDate "2014.04.24"]
[SourceQuality "1"]

1. d4 d5 2. c4 Nc6 3. Nc3 dxc4 4. d5 Ne5 5. f4 Ng4 6. e4 e5 7. Nf3 Bc5 8. h3 Nf2 9. Qa4+ Bd7 10. Qxc4 Nxh1 11. Qxc5 Ng3 12. Bd3 Qe7 13. Qxc7 f5 14. d6 Qd8 15. Qxd8+ Rxd8 16. fxe5 fxe4 17. Nxe4 Nxe4 18. Bxe4 Bc6 19. Bxc6+ bxc6 20. Bg5 Rb8 21. e6 Nf6 22. Bxf6 gxf6 23. Nd4 0-0 24. d7 Rb4 25. e7 Rxd4 26. e8Q 1-0

[Event "Tula Region-ch"]
[Site "Tula"]
[Date "2014.03.13"]
[Round "3"]
[White "Smirnov, Alexander"]
[Black "Zhurikhin, Alexander"]
[Result "0-1"]
[WhiteElo "2202"]
[BlackElo "2299"]
[PlyCount "68"]
[EventDate "2014.03.11"]
[EventType "swiss"]
[EventRounds "9"]
[EventCountry "RUS"]
[SourceTitle "CBM 159 Extra"]
[Source "ChessBase"]
[SourceDate "2014.04.24"]
[SourceVersion "1"]
[SourceVersionDate "2014.04.24"]
[SourceQuality "1"]

1. e4 c6 2. c4 d5 3. cxd5 cxd5 4. exd5 Nf6 5. Nc3 Nxd5 6. Bc4 Nb6 7. Bb3 Nc6 8. Nf3 g6 9. d4 Bg7 10. h4 Nxd4 11. Be3 e5 12. h5 Bg4 13. hxg6 hxg6 14. Rxh8+ Bxh8 15. Bxd4 exd4 16. Ne4 Nd5 17. Kf1 Kf8 18. Qd3 Rc8 19. Qb5 Bxf3 20. gxf3 Nf4 21. Qxb7 Rc7 22. Qb4+ Kg8 23. Qd6 Qh4 24. Kg1 Ne2+ 25. Kf1 Nf4 26. Kg1 Re7 27. Qd8+ Kg7 28. Qxd4+ Kh7 29. Qc4 Bd4 30. Qxd4 Ne2+ 31. Kg2 Nxd4 32. Rh1 Qxh1+ 33. Kxh1 Nxf3 34. Ng5+ Nxg5 0-1